000
00326pab a2200145 454500
008
180718b1996 xxu||||| |||| 00| 0 eng d
100
_a
Torres, Raymond
245
_a
Labour standards and trade
260
_c
1996
300
_a
p.10-12
362
_a
Oct-Nov
650
_a
Labour
773
_a
OECD Observer
909
_a
32349
999
_c
32349
_d
32349